Estudio de prefactibilidad para una planta procesadora de platano en la zona Atlantica
Gorde:
| Egile nagusia: | |
|---|---|
| Formatua: | Liburua |
| Argitaratua: |
San José, C.R.
2003
|
| Gaiak: | |
| Etiketak: |
Etiketa erantsi
Etiketarik gabe, Izan zaitez lehena erregistro honi etiketa jartzen!
|
MARC
| LEADER | 00000nam a2200000Ia 4500 | ||
|---|---|---|---|
| 003 | 010272 | ||
| 005 | 20221231144149.0 | ||
| 008 | 140114s2003 cr a | m 000 ||s d | ||
| 040 | |c cru CEDI | ||
| 090 | |a TFG 4658 | ||
| 100 | |a Blanco Sanabria, José Antonio |9 7105 | ||
| 245 | |a Estudio de prefactibilidad para una planta procesadora de platano en la zona Atlantica | ||
| 260 | |c 2003 |a San José, C.R. | ||
| 300 | |a iii, 134, [47] hojas : ilustraciones | ||
| 500 | |a Proyecto de graduación (licenciatura en ingeniería química)--Universidad de Costa Rica. Facultad de Ingeniería. Escuela de Ingeniería Química | ||
| 650 | |x PLANTAS INDUSTRIALES |x COSTOS DE OPERACION |x PLATANOS (COCINA) |x INDUSTRIA Y COMERCIO |x CULTIVO |x INVERSIONES DE CAPITAL |x LIMON (COSTA RICA) |x PROYECTOS AGRICOLAS |9 7106 | ||
| 942 | |c TFG | ||
| 999 | |c 17820 |d 17820 | ||
